[Event "Antioquia Region-ch U10"]
[Site "Medellin"]
[Date "2010.09.??"]
[Round "2.5"]
[White "Pineda, Oriana"]
[Black "Atehortua Quintero, Gabriela"]
[Result "1-0"]
[WhiteElo "1236"]
[BlackElo "1501"]
[PlyCount "24"]
[EventDate "2010.09.03"]
[EventType "tourn"]
[EventRounds "7"]
[EventCountry "COL"]
[SourceTitle "EXT 2024"]
[Source "ChessBase"]
[SourceDate "2023.10.10"]
[SourceVersion "1"]
[SourceVersionDate "2023.10.10"]
[SourceQuality "1"]

1. e4 e5 2. Nf3 Nf6 3. Bc4 Nxe4 4. 0-0 Bc5 5. Nc3 Nc6 6. Ng5 0-0 7. Bxf7+ Rxf7 8. Nxf7 Kxf7 9. d3 Kg8 10. Bg5 Be7 11. Nd5 Nf6 12. Bxf6 Bxf6 1-0